| 000 | 00649nam a2200241Ia 4500 | ||
|---|---|---|---|
| 003 | OSt | ||
| 005 | 20220918223708.0 | ||
| 006 | a|||||r|||| 00| 0 | ||
| 007 | ta | ||
| 008 | 220917b |||||||| |||| 00| 0 eng d | ||
| 024 | _a224,808 | ||
| 037 | _cTextual | ||
| 040 |
_aARTS _cARTS _beng |
||
| 041 |
_2eng _aeng |
||
| 082 | _aX:(W).638, P5 | ||
| 100 |
_aLeith J Clark _9146428 |
||
| 245 | 0 | _aWhy Botswana prospered | |
| 260 |
_aMontreal _band Kingston McGill - Queen's University Press _c2005 |
||
| 300 |
_axi, 156p. _ccm. |
||
| 650 | _aECONOMICS | ||
| 942 |
_hX:(W).638, P5 _cTEXL _2CC |
||
| 999 |
_c279241 _d279241 |
||